[Event "UT Dallas GM Inv 2013"]
[Site "Dallas USA"]
[Date "2013.11.21"]
[Round "1.5"]
[White "Berczes,D"]
[Black "Sadorra,J"]
[Result "0-1"]
[WhiteElo "2522"]
[BlackElo "2577"]

1.d4 Nf6 2.c4 g6 3.Nc3 Bg7 4.e4 O-O 5.Nf3 d6 6.Be2 Na6 7.O-O e5 8.Re1 c6
9.Be3 Ng4 10.Bg5 Qc7 11.h3 exd4 12.Nxd4 Qb6 13.Bxg4 Bxg4 14.hxg4 Bxd4 15.Be3 Bxe3
16.Rxe3 Nc5 17.Qd2 Rad8 18.b3 Rfe8 19.Rae1 Rd7 20.Rh3 f6 21.Qd4 Re5 22.Rf3 Kg7
23.Rfe3 Qd8 24.R3e2 Ne6 25.Qe3 Rg5 26.f3 h5 27.gxh5 Rxh5 28.g3 Qh8 29.Rg2 a6
30.Rd1 b5 31.cxb5 axb5 32.Kf2 Qa8 33.a4 bxa4 34.Nxa4 Rd8 35.Kg1 Qa5 36.f4 Qb4
37.Qc3 Qxe4 38.Re1 Qd4+ 39.Qxd4 Nxd4 40.Re7+ Kf8 41.Re3 Rb8 42.Rd2 c5 43.Nb2 d5
44.Rdd3 Nf5 45.Re6 Kf7 46.Rc6 Rbh8 47.Rc7+ Ke6  0-1

[Event "23rd World Seniors 2013"]
[Site "Opatija CRO"]
[Date "2013.11.21"]
[Round "9.37"]
[White "Falk,Th"]
[Black "Harestad,T"]
[Result "1/2-1/2"]
[WhiteElo "2131"]
[BlackElo "2238"]

1.Nf3 g6 2.d4 Bg7 3.c4 d6 4.Nc3 Nf6 5.e4 O-O 6.Be2 e5 7.dxe5 dxe5 8.Qxd8 Rxd8
9.Bg5 Re8 10.O-O-O c6 11.Nxe5 h6 12.Bh4 Na6 13.Bg3 Nc5 14.Bf3 g5 15.h3 h5
16.Rd4 g4 17.hxg4 hxg4 18.Bd1 Ne6 19.Rd2 Ng5 20.f3 Be6 21.c5  1/2-1/2

[Event "23rd World Seniors 2013"]
[Site "Opatija CRO"]
[Date "2013.11.21"]
[Round "9.29"]
[White "Samartsev,A"]
[Black "Chernov,Evgen"]
[Result "0-1"]
[WhiteElo "2160"]
[BlackElo "2325"]

1.d4 Nf6 2.c4 d6 3.Nc3 g6 4.e4 Bg7 5.Nf3 O-O 6.Be2 e5 7.dxe5 dxe5 8.O-O Nbd7
9.Qc2 c6 10.b3 Qe7 11.a4 a5 12.Ba3 Nc5 13.Ne1 Re8 14.Nd3 b6 15.Rfd1 Qa7 16.Nxc5 bxc5
17.Rd6 Re6 18.Rd8+ Bf8 19.Rad1 Re8 20.Rxe8 Nxe8 21.Rd8 Ng7 22.Qd2 Ne6 23.Re8 f6
24.Qd6 Qf7 25.Qxc6 Bb7 26.Qxe6 Rxe8 27.Qb6 f5 28.Nd5 Bxd5 29.cxd5 Qe7 30.Bc4 Qd6
31.Qxa5 fxe4 32.Qe1 Bh6 33.Qxe4 Bd2 34.Bb2 Re7 35.g3 Kg7 36.Qe2 Ba5 37.Bc1 Rf7
38.Qg4 Rf5 39.Qh4 Qf6 40.Bh6+ Kg8  0-1

[Event "23rd World Seniors 2013"]
[Site "Opatija CRO"]
[Date "2013.11.21"]
[Round "9.95"]
[White "Haupt,J"]
[Black "Bauza Mercere,Eduardo"]
[Result "1/2-1/2"]
[WhiteElo "1870"]
[BlackElo "1811"]

1.Nf3 Nf6 2.c4 d6 3.d4 g6 4.Nc3 Bg7 5.e4 O-O 6.Be2 e5 7.dxe5 dxe5 8.Qxd8 Rxd8
9.Bg5 h6 10.Bxf6 Bxf6 11.Nd5 Rxd5 12.cxd5 Nd7 13.O-O Be7 14.Nd2 f5 15.Bc4 Kg7
16.a3 Nf6 17.Rfe1 f4 18.Nf3 Bd6 19.h3 Bd7 20.b4 g5 21.Nd4 Kg6 22.Nb5 Bxb5
23.Bxb5 h5 24.g3 Kh6 25.gxf4 gxf4 26.Kg2 Nh7 27.h4 f3+ 28.Kxf3 Rf8+ 29.Ke3 Rf4
30.Rh1 Nf8 31.Rag1 Ng6 32.Rg3 Be7 33.Be8 Nxh4 34.f3 Rf8 35.Bd7 Ng6 36.Bf5 Nf4
37.Rhg1 h4 38.Rg4 Nxd5+ 39.exd5 Rxf5 40.Rg6+ Kh5 41.Ke4 Rf4+ 42.Ke3  1/2-1/2

[Event "23rd World Seniors 2013"]
[Site "Opatija CRO"]
[Date "2013.11.21"]
[Round "9.15"]
[White "Trois,F"]
[Black "Blechzin,I"]
[Result "1/2-1/2"]
[WhiteElo "2229"]
[BlackElo "2411"]

1.d4 Nf6 2.Nf3 g6 3.c4 Bg7 4.Nc3 O-O 5.e4 d6 6.Be2 e5 7.dxe5 dxe5 8.Qxd8 Rxd8
9.Bg5 Re8 10.O-O-O h6 11.Bh4 Bg4 12.Nd2 Bxe2 13.Nxe2 Nc6 14.f3 Nh5 15.Nb3 Nf4
16.Nxf4 exf4 17.Nc5 Bd4 18.Nd3 g5 19.Bf2 Rad8 20.b3 f5 21.Bxd4 Rxd4 22.Nf2  1/2-1/2

[Event "23rd World Seniors 2013"]
[Site "Opatija CRO"]
[Date "2013.11.21"]
[Round "9.67"]
[White "Gromark,Per-Olof"]
[Black "Acosta,M USA"]
[Result "1-0"]
[WhiteElo "2102"]
[BlackElo "1978"]

1.Nf3 g6 2.c4 Bg7 3.Nc3 Nf6 4.e4 d6 5.d4 O-O 6.Be2 Nbd7 7.O-O e5 8.Be3 Re8
9.d5 Nc5 10.Nd2 a5 11.b3 Nfd7 12.Qc2 Rf8 13.Bg4 Nf6 14.Bxc8 Qxc8 15.f3 Nh5
16.a3 f5 17.b4 axb4 18.axb4 Rxa1 19.Rxa1 Na6 20.Rb1 f4 21.Bf2 g5 22.c5 g4
23.Ne2 Bh6 24.b5 Nb8 25.cxd6 g3 26.hxg3 fxg3 27.Nxg3 cxd6 28.Rc1 Qxc2 29.Rxc2 Nxg3
30.Bxg3 Nd7 31.Rc7 Be3+ 32.Bf2 Bxf2+ 33.Kxf2 Nc5 34.Ke3 Rf7 35.Rc8+ Rf8 36.Rc7 Rf7
37.Rxf7 Kxf7 38.Nc4 Ke7 39.Kf2 Nd3+ 40.Kg3 Nf4 41.Kh2 h5 42.g3 Ne2 43.b6 Kd7
44.Nd2 Ke7 45.Kh3 Ke8 46.Kh4 Ke7 47.g4 hxg4 48.fxg4 Kf7 49.Kg5 Nc3 50.Kf5 Ne2
51.g5 Nd4+ 52.Kg4 Ke7 53.Nc4 Nb5 54.Kf5 Nd4+ 55.Kg6 Ne2 56.Kh7 Nc3 57.Nd2 Na4
58.g6 Nxb6 59.g7 Nd7 60.g8=Q Nf6+ 61.Kg7 Nxg8 62.Kxg8 Kf6 63.Kf8 b5 64.Ke8 Kg5
65.Kd7  1-0

[Event "23rd World Seniors 2013"]
[Site "Opatija CRO"]
[Date "2013.11.22"]
[Round "10.70"]
[White "Stull,N"]
[Black "Tavcar,R"]
[Result "1/2-1/2"]
[WhiteElo "2075"]
[BlackElo "1956"]

1.d4 Nf6 2.c4 g6 3.Nc3 Bg7 4.e4 d6 5.Be2 O-O 6.Nf3 e5 7.O-O Qe8 8.dxe5 dxe5
9.Be3 Qe7 10.Nd2 c6 11.Qc2 Na6 12.Nb3 Ng4 13.Bxg4 Bxg4 14.a3 Be6 15.Nd2 b6
16.b4 Rfd8 17.Ne2 Nc7 18.c5 b5 19.Nb3 Bxb3 20.Qxb3 a5 21.Rfd1 a4 22.Qc2 Ne6
23.Rxd8+ Rxd8 24.Rd1 Bf8 25.Rd2 f6 26.f3 Kf7 27.Kf2 Rxd2 28.Qxd2 Qd8  1/2-1/2

[Event "TCh-SWE Elitserien 2013-14"]
[Site "Sweden SWE"]
[Date "2013.11.22"]
[Round "1.5"]
[White "Rasmussen,A"]
[Black "Burwick,M"]
[Result "1-0"]
[WhiteElo "2486"]
[BlackElo "2252"]

1.Nf3 Nf6 2.c4 g6 3.Nc3 Bg7 4.d4 O-O 5.e4 d6 6.Be2 e5 7.O-O Qe8 8.dxe5 dxe5
9.Be3 Na6 10.Nd2 h5 11.f3 Kh7 12.c5 Bh6 13.Bxh6 Kxh6 14.Bxa6 bxa6 15.Nc4 Rb8
16.a3 Be6 17.Nxe5 Bb3 18.Qd4 Qe6 19.Ne2 Rfe8 20.Nd3 Red8 21.Qe3+ Kg7 22.Nef4 Qe7
23.Nb4 Ba4 24.Qc3 Kh6 25.b3 Bb5 26.Rfe1 c6 27.a4 a5 28.Nc2 g5 29.Ne3 Kh7
30.Nf5 Qf8 31.Nh3  1-0

[Event "23rd World Seniors 2013"]
[Site "Opatija CRO"]
[Date "2013.11.23"]
[Round "11.26"]
[White "Brinck Claussen,B"]
[Black "Zhukov,Vi1"]
[Result "1-0"]
[WhiteElo "2248"]
[BlackElo "2069"]

1.d4 Nf6 2.c4 g6 3.Nc3 Bg7 4.e4 O-O 5.Nf3 d6 6.Be2 e5 7.O-O exd4 8.Nxd4 Re8
9.f3 c6 10.Kh1 Nbd7 11.Be3 a5 12.Qd2 a4 13.Rad1 Qa5 14.Nc2 Bf8 15.b4 axb3
16.axb3 Qc7 17.Bh6 Be7 18.Ne3 Nf8 19.Qb2 Ne6 20.f4 Bf8 21.Bxf8 Nxf8 22.Nb5 cxb5
23.Qxf6 Qd8 24.Qd4 Ne6 25.Qb2 Nc7 26.e5 bxc4 27.Rxd6 Qh4 28.bxc4 b5 29.cxb5 Be6
30.Qc3 Rec8 31.Rc6 Ne8 32.Rxc8 Rxc8 33.Qb4 Qd8 34.b6 Rb8 35.Rb1 Qc8 36.Bf3 Qd8
37.b7 Qd7 38.Qe1 Nc7 39.Ra1 Qd4 40.Ra8 Nxa8 41.bxa8=Q Rxa8 42.Bxa8 Qxf4 43.Nd5  1-0

[Event "TCh-AUT 2nd Ost 2013-14"]
[Site "Zwettl AUT"]
[Date "2013.11.23"]
[Round "3.2"]
[White "Polak,T"]
[Black "Weinzettl,E"]
[Result "1/2-1/2"]
[WhiteElo "2502"]
[BlackElo "2312"]

1.d4 Nf6 2.c4 g6 3.Nc3 Bg7 4.e4 d6 5.Nf3 O-O 6.Be2 e5 7.O-O c6 8.Re1 exd4
9.Nxd4 Re8 10.Bf1 Qb6 11.h3 Nbd7 12.Nb3 a5 13.Qxd6 a4 14.Be3 Qd8 15.Nd2 a3
16.bxa3 Ng4 17.hxg4 Bxc3 18.Rac1 Be5 19.Qd3 Qe7 20.c5 Bb2 21.Rc2 Rxa3 22.Qd6 Bc3
23.Qxe7 Rxe7 24.f3 Ne5 25.Rec1 Bb4 26.Bg5 Re8 27.Rb1 Rc3 28.Rxc3 Bxc3 29.Be3 f5
30.gxf5 gxf5 31.Nc4 Nxc4 32.Bxc4+ Kg7 33.Rb3 Bf6 34.Bd3 Re7 35.Kf2 Be6 36.Ra3 fxe4
37.Bxe4 Bc4 38.Ra7 h5 39.g3 Rf7 40.Kg2 Bc3 41.Ra4 Bb5 42.Ra8 Rd7 43.Bf4 Rd1
44.Ra7 Kf6 45.Rxb7 Bf1+ 46.Kh2 Ra1 47.Rd7 Rxa2+ 48.Kg1 Ra1 49.Rd6+ Kg7 50.Bxc6 Bc4+
51.Kg2 Ra2+ 52.Kg1 Ra1+ 53.Kf2 Ra2+ 54.Kg1 Ra1+ 55.Kg2 Ra2+ 56.Kh3 Bf1+ 57.Kh4 Bf6+
58.Rxf6 Kxf6 59.Bg5+ Ke6 60.Kxh5 Rh2+ 61.Kg4 Bh3+ 62.Kf4 Rc2 63.g4 Rxc5 64.Be8 Bg2
65.Bg6 Rxg5 66.Kxg5 Bxf3 67.Kf4 Bxg4 68.Kxg4  1/2-1/2

[Event "XXVII Belgrade Trophy"]
[Site "Obrenovac SRB"]
[Date "2013.11.24"]
[Round "1.17"]
[White "Andric,S"]
[Black "Cabrilo,G"]
[Result "0-1"]
[WhiteElo "1977"]
[BlackElo "2404"]

1.d4 Nf6 2.c4 g6 3.Nc3 Bg7 4.e4 d6 5.Nf3 O-O 6.Be2 Nbd7 7.O-O e5 8.Be3 c6
9.d5 c5 10.Nd2 Ne8 11.a3 f5 12.f3 Ndf6 13.b4 b6 14.bxc5 bxc5 15.a4 Nh5 16.Ra3 Nf4
17.Bxf4 exf4 18.Kh1 Be5 19.Bd3 Ng7 20.Ne2 Nh5 21.Qe1 Qg5 22.Ra2 Rb8 23.Kg1 Bd7
24.Qc1 Rb4 25.a5 Rfb8 26.Qe1 Rb2 27.Rxb2 Rxb2 28.exf5 gxf5 29.Qc1 a6 30.Re1 Qd8
31.Nf1 Qxa5 32.g4 fxg4  0-1

[Event "TCh-AUT 2nd Ost 2013-14"]
[Site "Zwettl AUT"]
[Date "2013.11.24"]
[Round "4.5"]
[White "Lovrinovic,C"]
[Black "Matevosyan,A"]
[Result "1/2-1/2"]
[WhiteElo "2140"]
[BlackElo "2166"]

1.d4 d6 2.c4 Nf6 3.Nf3 g6 4.Nc3 Bg7 5.e4 Nbd7 6.Be2 e5 7.O-O O-O 8.Qc2 Re8
9.d5 a5 10.Ne1 Nc5 11.Be3 Nfd7 12.a3 Rf8 13.Rb1 f5 14.f3 f4 15.Bf2 b6 16.b4 Nb7
17.Nd3 axb4 18.axb4 Nf6 19.Rfc1 Qe7 20.c5 bxc5 21.bxc5 Ne8 22.Nb5 Rf7 23.Na7 Nxc5
24.Nxc8 Rxc8 25.Nxc5 dxc5 26.Bxc5 Qf6 27.Qb3 Bf8 28.Bf2 Nd6 29.Rc6 Be7 30.Rbc1 Bd8
31.Ra6 Be7 32.Rcc6 Bf8 33.Ra7 Qd8 34.Qc3 Bg7 35.g3 g5 36.Bc5 Rb8 37.Bb4 Bf8
38.Ba5 g4 39.Rcxc7 Rb1+ 40.Kg2 gxf3+ 41.Bxf3 Qb8 42.Rxf7 Nxf7 43.Rxf7 Kxf7
44.Qc7+ Qxc7 45.Bxc7 fxg3 46.hxg3 Kf6 47.Bg4 Rb2+ 48.Kh3 Rd2  1/2-1/2

[Event "XXVII Belgrade Trophy"]
[Site "Obrenovac SRB"]
[Date "2013.11.26"]
[Round "3.10"]
[White "Jovanovic,ST"]
[Black "Nenezic,M"]
[Result "0-1"]
[WhiteElo "2271"]
[BlackElo "2417"]

1.d4 Nf6 2.c4 g6 3.Nc3 Bg7 4.e4 d6 5.Nf3 O-O 6.Be2 Nbd7 7.O-O e5 8.d5 Nc5
9.Qc2 a5 10.Bg5 h6 11.Bh4 g5 12.Bg3 Nh5 13.Nd2 Nf4 14.Nb3 b6 15.Nxc5 bxc5
16.h3 f5 17.exf5 Bxf5 18.Ne4 Nxe2+ 19.Qxe2 Qe8 20.f3 Qg6 21.Be1 Bxe4 22.Qxe4 Qxe4
23.fxe4 Rf4 24.Rxf4 exf4 25.Rb1 Bd4+ 26.Kf1 Kg7 27.Ke2 Kf6 28.Kd3 h5 29.Bd2 Be5
30.Rf1 h4 31.Kc2 a4 32.Rf3 Rb8 33.b3 Bd4 34.Bc1 Ra8 35.a3 Ke5 36.bxa4 Kxe4
37.Kb3 Rb8+ 38.Kc2 Ra8 39.Kb3 Be3 40.Bb2 Kd3 41.Bf6 Rb8+ 42.Ka2 Kxc4 43.Bxg5 Rg8
44.Bxf4 Rxg2+ 45.Kb1 Bxf4 46.Rxf4+ Kb3 47.Kc1 c4 48.a5 Ra2  0-1

[Event "76th ch-CRC 2013"]
[Site "San Jose CRC"]
[Date "2013.11.26"]
[Round "13.2"]
[White "Chinchilla,E"]
[Black "Duran Vega,S"]
[Result "1-0"]
[WhiteElo "2191"]
[BlackElo "2267"]

1.d4 Nf6 2.c4 g6 3.Nc3 Bg7 4.e4 d6 5.Nf3 O-O 6.Be2 e5 7.O-O exd4 8.Nxd4 Re8
9.f3 c6 10.Kh1 Nh5 11.g4 Nf6 12.Bf4 h5 13.g5 Nh7 14.Qd2 Qe7 15.Rad1 Na6 16.Rfe1 Nc5
17.Be3 Bh3 18.b4 Ne6 19.f4 a5 20.b5 Rac8 21.bxc6 bxc6 22.Bf3 Nhf8 23.Nde2 Red8
24.Bb6 Rd7 25.Bxa5 Nc5 26.Nd4 Nfe6 27.Nce2 Bg4 28.Bxg4 hxg4 29.Qe3 Ra7 30.Bc3 Rxa2
31.Nxe6 Nxe6 32.Bxg7 Nxg7 33.Ra1 Rb2 34.Ng3 Rcb8 35.f5 Qe5 36.fxg6 fxg6 37.Rf1 Nf5
38.Qf4 Nxg3+ 39.Qxg3 Qxe4+ 40.Kg1 R8b3 41.Ra8+ Kg7 42.Ra7+ Rb7 43.Rxb7+ Rxb7
44.Qxd6 Qe3+ 45.Kh1 Qe4+ 46.Kg1 Qxc4 47.Qf8+  1-0

[Event "St Louis Classic IM 2013"]
[Site "Saint Louis USA"]
[Date "2013.11.27"]
[Round "9.5"]
[White "Kavutskiy,K"]
[Black "Liang,Awonder"]
[Result "1/2-1/2"]
[WhiteElo "2275"]
[BlackElo "2247"]

1.d4 Nf6 2.c4 g6 3.Nc3 Bg7 4.e4 d6 5.Nf3 O-O 6.Be2 e5 7.d5 a5 8.Bg5 Na6 9.Nd2 h6
10.Bh4 Bd7 11.a3 Qe8 12.b3 Nh7 13.O-O h5 14.f3 Bh6 15.Bf2 Qd8 16.Re1 b6 17.Rb1 Nc5
18.b4 axb4 19.axb4 Na4 20.Qc2 Nxc3 21.Qxc3 Ra2 22.Nf1 f5 23.Bd3 Qf6 24.Ra1 Rxa1
25.Rxa1 fxe4 26.Bxe4 h4 27.h3 Qg5 28.Be3 Qh5 29.Ra7 Ng5 30.Qc1 Bxh3 31.Bxg5 Bxg5
32.Qc2 Bf5 33.Rxc7 Bf4 34.Bxf5 gxf5 35.Qa4 h3 36.Qd7 Qg6 37.Qe6+ Qxe6 38.dxe6 hxg2
39.Kxg2 Re8 40.Rf7 Rxe6 41.Rxf5 Kg7 42.Rh5 Re8 43.Ng3 Kg6 44.Rh1 Rc8  1/2-1/2

[Event "9th Ugra Governor's Cup"]
[Site "Khanty-Mansiysk RUS"]
[Date "2013.11.28"]
[Round "1.20"]
[White "Bukavshin,I"]
[Black "Yuffa,D"]
[Result "1-0"]
[WhiteElo "2578"]
[BlackElo "2368"]

1.d4 Nf6 2.c4 g6 3.Nc3 Bg7 4.e4 d6 5.Be2 O-O 6.Nf3 e5 7.O-O Nbd7 8.Qc2 a6
9.Rd1 Re8 10.Bg5 h6 11.Bh4 g5 12.Bg3 g4 13.Nh4 exd4 14.Rxd4 Nh5 15.Rd5 Nxg3
16.hxg3 Nc5 17.Rh5 Bxc3 18.bxc3 Qf6 19.f3 Re5 20.Rxe5 dxe5 21.Rf1 gxf3 22.Bxf3 Qg5
23.Qf2 Nd3 24.Qe2 Qxg3 25.Qxd3 Qxh4 26.Qd5 Qe7 27.Rd1 Kg7 28.Qd8 Qxd8 29.Rxd8 b6
30.Kf2 Kf6 31.Ke3 a5 32.Bg4 Bb7 33.Rd7 Rg8 34.Bh5 Rg3+ 35.Bf3 Bc8 36.Rxc7 Be6
37.Rc6 Rg8 38.Rxb6 Ke7 39.Rb5 f6 40.c5 Bxa2 41.Rxa5 Bc4 42.Ra7+ Kd8 43.c6 Kc8
44.Be2 Be6 45.c7 Kd7 46.Bb5+ Kd6 47.Ra6+  1-0

[Event "ch-IRI 2013"]
[Site "Tabriz IRI"]
[Date "2013.11.28"]
[Round "2.12"]
[White "Mahjoob,M"]
[Black "Ghanbarzadeh,Reza"]
[Result "1/2-1/2"]
[WhiteElo "2419"]
[BlackElo "2189"]

1.d4 Nf6 2.c4 g6 3.Nc3 Bg7 4.e4 d6 5.Nf3 O-O 6.Be2 e5 7.dxe5 dxe5 8.Qxd8 Rxd8
9.Nd5 Nxd5 10.cxd5 c6 11.Bc4 Nd7 12.dxc6 bxc6 13.Ng5 Rf8 14.Be3 Nb6 15.Bb3 h6
16.Nf3 Ba6 17.Rc1 Bb5 18.Nd2 Rab8 19.f3 Rfd8 20.Kf2 a5 21.Rhd1 a4 22.Bc2 Bf8
23.a3 Kg7 24.Ke1 Be7 25.Bb1 Rd7 26.Ba2 Rd3  1/2-1/2

[Event "9th Ugra Governor's Cup"]
[Site "Khanty-Mansiysk RUS"]
[Date "2013.11.29"]
[Round "2.3"]
[White "Shariyazdanov,A"]
[Black "Shimanov,A"]
[Result "1/2-1/2"]
[WhiteElo "2572"]
[BlackElo "2650"]

1.c4 g6 2.Nc3 Bg7 3.d4 Nf6 4.e4 O-O 5.Be2 d6 6.Nf3 e5 7.O-O exd4 8.Nxd4 Re8
9.f3 c6 10.Kh1 Nh5 11.g4 Nf6 12.Be3 h5 13.g5 Nfd7 14.Qd2 Qe7 15.Rad1 Na6
16.Nc2 Be5 17.f4 Bxc3 18.Qxc3 Ndc5 19.Bf3 Nxe4 20.Qe1 Bf5 21.Bc1 Nec5 22.Qc3 Ne4
23.Qe1 Nxg5 24.fxg5 Bxc2 25.Qxe7 Rxe7 26.Rxd6 Rae8 27.Bd2 Be4 28.Bxe4 Rxe4
29.Rd7 R4e7 30.Rxe7 Rxe7 31.Bc3 Rd7 32.Kg2 Nc5 33.Re1 Ne6 34.h4 Kf8 35.Re4 Rd3
36.Kf2 Ke8 37.Re3 Rd1 38.Re1 Rxe1 39.Bxe1 Nd4 40.Kg3 Ne6 41.Kf3 Nc5 42.Bf2 b6
43.Bxc5 bxc5 44.Kf4 Kd7 45.Ke5 Ke7 46.b3 a6 47.a3 a5 48.a4 f6+ 49.gxf6+ Kf7
50.Kd6 Kxf6 51.Kxc5 g5 52.hxg5+ Kxg5 53.b4 axb4 54.a5 b3 55.a6 b2 56.a7 b1=Q
57.a8=Q Qg1+ 58.Kb4 Qe1+ 59.Kb3 Qg3+ 60.Ka4 Qd6 61.Qg8+ Qg6 62.Qd8+ Kf4 63.Qd2+ Kf3
64.Qd1+ Ke3 65.Kb4 Qg4 66.Qc1+ Ke4 67.Qe1+ Kf4 68.Qd2+ Kf3 69.Qd6 Qe4  1/2-1/2

[Event "TCh-AUT 2nd West 2013-14"]
[Site "Austria AUT"]
[Date "2013.11.30"]
[Round "4.2"]
[White "Zelbel,P"]
[Black "Weindl,A"]
[Result "1-0"]
[WhiteElo "2395"]
[BlackElo "2323"]

1.d4 Nf6 2.Nf3 g6 3.c4 Bg7 4.Nc3 O-O 5.e4 d6 6.Be2 e5 7.Be3 exd4 8.Nxd4 Re8
9.f3 Nc6 10.Qd2 Nh5 11.Nxc6 bxc6 12.O-O f5 13.exf5 gxf5 14.Rfe1 Rb8 15.Rab1 Bd7
16.f4 Nf6 17.Bxa7 Ra8 18.Bf2 Ne4 19.Nxe4 Rxe4 20.Bf3 Rxe1+ 21.Rxe1 Rxa2 22.Bd4 Qf8
23.Re3 Bf6 24.Qc3 Ra1+ 25.Kf2 Bh4+ 26.g3 Bd8 27.h4 h6 28.c5 d5 29.Bh5 Ra4
30.Re2 Rc4 31.Qe3 Rb4 32.Qe5 Rxd4 33.Qxd4 Bf6 34.Qe3 d4 35.Qb3+ Kg7 36.Qc4 d3
37.Rd2 Qe7 38.Qxd3 Qxc5+ 39.Qe3 Qxe3+ 40.Kxe3 Be6 41.Rc2 Bd5 42.Bf3 Bxf3
43.Kxf3 c5 44.Rxc5 Bxb2  1-0

[Event "9th Ugra Governor's Cup B"]
[Site "Khanty-Mansiysk RUS"]
[Date "2013.11.30"]
[Round "3"]
[White "Beletsky,A"]
[Black "Lodoev,A"]
[Result "1-0"]
[WhiteElo "2330"]
[BlackElo "2160"]

1.Nf3 Nf6 2.c4 g6 3.Nc3 Bg7 4.e4 d6 5.d4 O-O 6.Be2 e5 7.dxe5 dxe5 8.Qxd8 Rxd8
9.Bg5 Re8 10.Nd5 Nxd5 11.cxd5 c6 12.Bc4 h6 13.Be3 cxd5 14.Bxd5 Nd7 15.Nd2 Nf6
16.Bb3 Be6 17.Bxe6 Rxe6 18.f3 Rc6 19.Ke2 a6 20.Rhc1 Rac8 21.Nb3 Nd7 22.Na5 Rxc1
23.Rxc1 Rxc1 24.Bxc1 b6 25.Nc6 Bf8 26.a4 f6 27.Be3 Kf7 28.b4 Ke6 29.Kd3 Kd6
30.b5 Nc5+ 31.Kc4 Nxa4 32.Nb4 axb5+ 33.Kxb5 Nc5 34.Nd5 Nd7 35.Bxb6 Nxb6 36.Kxb6 f5
37.Ne3 Ke6 38.Kc6 h5 39.Nd5 fxe4 40.fxe4 Ba3 41.Nb6 Bb2 42.Nd7 h4 43.Nc5+ Kf6
44.Kd5 Kg5 45.Nd3 Bc3 46.Nxe5 h3 47.g3 Kh5 48.Nd7 Be1 49.e5 Kg5 50.e6 Bb4
51.Nc5 Kf6 52.Nd3 Ba3 53.Nf2 Kf5 54.Nxh3  1-0

[Event "9th Ugra Governor's Cup"]
[Site "Khanty-Mansiysk RUS"]
[Date "2013.11.30"]
[Round "3.23"]
[White "Smirnov,Alexey"]
[Black "Savitskiy,S"]
[Result "1-0"]
[WhiteElo "2429"]
[BlackElo "2363"]

1.d4 Nf6 2.c4 g6 3.Nc3 Bg7 4.e4 d6 5.Nf3 O-O 6.Be2 e5 7.O-O Na6 8.Be3 Ng4
9.Bg5 f6 10.Bh4 g5 11.Bg3 Nh6 12.dxe5 fxe5 13.h4 gxh4 14.Bxh4 Bf6 15.Bg3 c6
16.Qd2 Nf7 17.Rad1 Qe7 18.Nh2 Nc5 19.Bh5 Be6 20.b3 Rad8 21.Ng4 Bg5 22.Qe2 Nh6
23.b4 Nd7 24.Nxh6+ Bxh6 25.Bg4 Nf6 26.Bh4 Qf7 27.Bxe6 Qxe6 28.Rd3 Rf7 29.Rfd1 Rdd7
30.a4 Bf8 31.b5 Rg7 32.Bxf6 Qxf6 33.c5 Qg6 34.g3 h6 35.a5 d5 36.exd5 Bxc5
37.dxc6 bxc6 38.bxc6 Rxd3 39.Rxd3 Bd4 40.Nb5 Qxc6 41.Nxd4 exd4 42.Rxd4 Rf7
43.Rd8+ Kh7 44.a6 Qc1+ 45.Kh2 Qb1 46.Kg2 Qf5 47.Rb8 Kg6 48.Rb5 Qf6 49.Qc2+ Kg7
50.Qb2 Kg6 51.Qe2 Qc6+ 52.Kg1 Qf6 53.Rb7 Qf5 54.Rb4 Kh7 55.Qe3 Qg6 56.Qe8  1-0

[Event "TCh-AUT 2nd West 2013-14"]
[Site "Austria AUT"]
[Date "2013.12.01"]
[Round "5.6"]
[White "Mira,H"]
[Black "Schiestl,J"]
[Result "1/2-1/2"]
[WhiteElo "2070"]
[BlackElo "2100"]

1.Nf3 Nf6 2.c4 g6 3.Nc3 Bg7 4.e4 d6 5.d4 O-O 6.Be2 e5 7.d5 a5 8.Bg5 h6 9.Bh4 Na6
10.Nd2 Qe8 11.O-O Nh7 12.g4 Bd7 13.Kh1 Ng5 14.Bxg5 hxg5 15.f3 Bf6 16.Kg2 Kg7
17.h3 Bd8 18.Nb3 a4 19.Nc1 Nb4 20.a3 Na6 21.Nd3 b6 22.Qd2 Nc5 23.Bd1 Be7
24.Bc2 Nb7 25.Nb4 Ra5 26.Qd1 Ra8 27.Rc1 Nc5 28.Nd3 Nb7 29.Nb4 Nc5 30.Nd3 Nb7  1/2-1/2

[Event "TCh-BEL 2013-14"]
[Site "Belgium BEL"]
[Date "2013.12.01"]
[Round "5.2"]
[White "Brunner,N"]
[Black "Ootes,La"]
[Result "1-0"]
[WhiteElo "2426"]
[BlackElo "2367"]

1.d4 g6 2.c4 Nf6 3.Nc3 Bg7 4.e4 d6 5.Nf3 O-O 6.Be2 e5 7.O-O c6 8.d5 Na6 9.Ne1 Bd7
10.Rb1 Nc5 11.f3 cxd5 12.cxd5 a5 13.Bg5 b5 14.Nd3 Qc7 15.Rc1 Rac8 16.Be3 Qb8
17.Nxc5 dxc5 18.a4 bxa4 19.Nxa4 Bxa4 20.Qxa4 Qxb2 21.Ba6 Rb8 22.Bxc5 Rfd8
23.Rc2 Qb3 24.Qxb3 Rxb3 25.Be7 Ra8 26.Ra1 Bf8 27.Bxf6 Rxa6 28.Bxe5 f6 29.Bd4 a4
30.Rc8 Kf7 31.Rac1 Bd6 32.R8c6 Rxc6 33.Rxc6 Be5 34.Bxe5 fxe5 35.Rc7+ Kf6
36.Rxh7 a3 37.Kf2 Rb2+ 38.Kg3 a2 39.Ra7 Rd2 40.h4 Re2 41.Kh3 Rf2 42.g4 g5
43.Kg3 Rb2 44.h5 Rd2 45.h6  1-0

[Event "14th Puhajarve Rapid"]
[Site "Puhajarve EST"]
[Date "2013.12.01"]
[Round "32.3"]
[White "Nyback,T"]
[Black "Sepp,O"]
[Result "1-0"]
[WhiteElo "2586"]
[BlackElo "2440"]

1.d4 Nf6 2.c4 g6 3.Nc3 Bg7 4.e4 d6 5.Nf3 O-O 6.Be2 e5 7.O-O Na6 8.Be3 h6
9.dxe5 Ng4 10.Bd2 Nxe5 11.Nxe5 Bxe5 12.g3 Bg7 13.Bf3 Nc5 14.Bg2 c6 15.Qc2 Be6
16.b3 a5 17.Rad1 Qf6 18.Ne2 Qe7 19.Be3 Rfd8 20.Nd4 Bd7 21.Rfe1 Kh7 22.h3 Re8
23.f3 a4 24.b4 Ne6 25.Ne2 c5 26.b5 Red8 27.Bf2 h5 28.h4 a3 29.f4 Nf8 30.Nc3 Be6
31.Bf1 Nd7 32.f5 Ne5 33.fxe6 Nf3+ 34.Kg2 Nxe1+ 35.Rxe1 Qxe6 36.Nd5 Rac8 37.Bd3 Be5
38.Rf1 Rg8 39.Be3 Rgf8 40.Bf4 f6 41.Rf3 Rf7 42.Qf2 Kg7 43.Bc1 Qg4 44.Qe3 Bd4
45.Qh6+ Kg8 46.Nf4 Rg7 47.Nd5  1-0

[Event "14th Puhajarve Rapid"]
[Site "Puhajarve EST"]
[Date "2013.12.01"]
[Round "34.3"]
[White "Nyback,T"]
[Black "Seeman,T"]
[Result "1/2-1/2"]
[WhiteElo "2586"]
[BlackElo "2382"]

1.d4 Nf6 2.c4 g6 3.Nc3 Bg7 4.e4 d6 5.Nf3 O-O 6.Be2 e5 7.O-O Na6 8.Re1 c6
9.Be3 exd4 10.Nxd4 Re8 11.f3 Qe7 12.Bf1 Nc5 13.Qd2 a5 14.b3 Nfd7 15.Rad1 Ne5
16.Nc2 Bf8 17.Bg5 f6 18.Bf4 Be6 19.Nd4 Bf7 20.Bg3 Qc7 21.f4 Ned7 22.Bf2 Qb6
23.Nc2 Qc7 24.g3 Na6 25.Bg2 Nac5 26.Rb1 Rad8 27.Nd4 Ra8 28.a3 Nb6 29.a4 Nbd7
30.Nf3 Rad8 31.Qc2 Na6 32.h4 Nb4 33.Qd2 Nc5 34.Bf1 Be6 35.Nd4 Bg4 36.Nc2 f5
37.Ne3 Bg7 38.exf5 Bxf5 39.Nxf5 gxf5 40.Rxe8+ Rxe8 41.Bd4 Nbd3 42.Bxd3 Bxd4+
43.Kh2 Bxc3 44.Qxc3 Re3 45.Rd1 Qf7 46.Qd4 Rxd3 47.Rxd3 Nxd3 48.Qxd3 Qe6 49.Kh3 Kf7
50.Qc3 Qe2 51.Qh8 Qg4+ 52.Kh2 Qe2+ 53.Kh3 Qg4+ 54.Kh2  1/2-1/2

[Event "9th Ugra Governor's Cup"]
[Site "Khanty-Mansiysk RUS"]
[Date "2013.12.02"]
[Round "5.23"]
[White "Arslanov,S"]
[Black "Belyakov,B"]
[Result "0-1"]
[WhiteElo "2411"]
[BlackElo "2454"]

1.d4 Nf6 2.c4 g6 3.Nc3 Bg7 4.e4 O-O 5.Nf3 d6 6.Be2 e5 7.dxe5 dxe5 8.Qxd8 Rxd8
9.Nd5 Nxd5 10.cxd5 c6 11.Bc4 cxd5 12.Bxd5 Nd7 13.Bg5 Re8 14.Rc1 h6 15.Be3 Nf6
16.O-O Nxd5 17.exd5 Rd8 18.Rfd1 b6 19.d6 e4 20.Nd2 Rxd6 21.Nxe4 Rxd1+ 22.Rxd1 Be6
23.Nc3 g5 24.Bd4 Bf8 25.Bf6 Kh7 26.h4 Kg6 27.hxg5 hxg5 28.Rd8 Rxd8 29.Bxd8 Bg7
30.Nb5 Bd7 31.a4 Bxb5 32.axb5 Bxb2 33.g4 Be5 34.Kg2 f6 35.f4 Bxf4 36.Kf3 Kf7
37.Ke4 Ke6  0-1

[Event "XXVII Belgrade Trophy"]
[Site "Obrenovac SRB"]
[Date "2013.12.02"]
[Round "9.12"]
[White "Antic,De"]
[Black "Veleski,R"]
[Result "1-0"]
[WhiteElo "2465"]
[BlackElo "2242"]

1.d4 Nf6 2.c4 g6 3.Nc3 Bg7 4.e4 d6 5.Nf3 O-O 6.Be2 e5 7.O-O Na6 8.Be3 Ng4
9.Bg5 f6 10.Bh4 Nh6 11.h3 Qe8 12.Re1 Nf7 13.a3 g5 14.Bg3 h5 15.c5 h4 16.Bh2 Be6
17.c6 Bc8 18.Qa4 exd4 19.cxb7 Bxb7 20.Qxe8 Rfxe8 21.Nxd4 f5 22.Bxa6 Bxa6
23.Nxf5 Bxc3 24.bxc3 Rab8 25.Re3 Rb2 26.Rae1 Ne5 27.Bxe5 Rxe5 28.Nh6+ Kg7
29.Ng4 Re6 30.e5 d5 31.Nf6 Rd2 32.f4 Rb6 33.fxg5 Rbb2 34.Nh5+ Kg6 35.Nf4+ Kxg5
36.Rf3 Be2 37.Rf2 Bg4 38.hxg4 Rxf2 39.Nh3+ Kxg4 40.Nxf2+ Kg3 41.e6 Rb8 42.Nd3 c5
43.e7  1-0

[Event "9th Ugra Governor's Cup B"]
[Site "Khanty-Mansiysk RUS"]
[Date "2013.12.04"]
[Round "7"]
[White "Goriatchkin,J"]
[Black "Pranizin,G"]
[Result "1-0"]
[WhiteElo "2322"]
[BlackElo "2187"]

1.d4 g6 2.c4 Nf6 3.Nc3 Bg7 4.e4 d6 5.Nf3 O-O 6.Be2 e5 7.Be3 Nc6 8.d5 Ne7
9.Nd2 Ne8 10.c5 f5 11.f3 f4 12.Bf2 Kh8 13.Qb3 h6 14.O-O-O b6 15.cxd6 cxd6
16.Kb1 Nc7 17.Rc1 Bb7 18.Rc2 Qd7 19.Rhc1 Rfc8 20.a4 Na6 21.Qa3 Bf6 22.Nc4 Rd8
23.a5 Nc8 24.axb6 axb6 25.Nxb6 Nxb6 26.Bxb6 Nc5 27.Bxd8  1-0

[Event "Porec Open 2013"]
[Site "Porec CRO"]
[Date "2013.12.05"]
[Round "2.10"]
[White "Orel,S"]
[Black "Rosembeker,Djuro"]
[Result "0-1"]
[WhiteElo "1989"]
[BlackElo "1801"]

1.d4 Nf6 2.c4 g6 3.Nc3 Bg7 4.e4 d6 5.Nf3 O-O 6.Be2 e5 7.Be3 Ng4 8.Bg5 f6
9.Bh4 c6 10.h3 Nh6 11.dxe5 dxe5 12.O-O Qe8 13.Qb3 Kh8 14.Rad1 Na6 15.a3 Nc5
16.Qc2 a5 17.b4 axb4 18.axb4 Ne6 19.Rfe1 Nf7 20.c5 Nf4 21.Bf1 g5 22.Bg3 g4
23.hxg4 Bxg4 24.Ra1 Rxa1 25.Rxa1 Bxf3 26.gxf3 Ng5 27.Qd1 Qh5 28.Bg2 Nxg2
29.Kxg2 Qh3+ 30.Kg1 Rg8 31.Ra3 Bf8 32.Ne2 h5 33.Qf1 h4 34.Qxh3 Nxh3+ 35.Kh2 hxg3+
36.Kxh3 gxf2 37.Ra1 Bh6 38.Ng3 Bd2 39.Rh1 Bxb4 40.Kg2+ Kg7 41.Nf5+ Kf7+ 42.Kxf2 Bxc5+
43.Kf1 Rb8 44.Rh7+ Ke8 45.Ng7+ Kf7 46.Nf5+ Kg8 47.Rg7+ Kh8 48.Rf7 Bd4 49.Rxf6 c5
50.Rf7 b5 51.Nh6 b4 52.Ng4 Rb6 53.Nf6 Rxf6 54.Rxf6 b3 55.Rf8+ Kg7 56.Rb8 c4
57.Ke2 Kf6 58.Kd1 Kg5 59.Rb4 b2 60.Kc2 c3 61.Rb7 Kf4 62.Rf7+ Ke3 63.Rf8 Ke2
64.Rf6 Be3 65.Rf8 Bf4 66.Rxf4 exf4 67.e5 b1=Q+ 68.Kxb1 Kd2 69.e6 c2+ 70.Ka2 c1=Q
71.e7 Qe1  0-1